| 000 | 00554nam a2200193Ia 4500 | ||
|---|---|---|---|
| 003 | OSt | ||
| 005 | 20250218152026.0 | ||
| 008 | 210210b1975 xxu||||| |||| 00| 0 eng d | ||
| 040 | _cAL | ||
| 041 | _aKannada | ||
| 082 | _aK894.3 PADN | ||
| 100 |
_aPADMA SHENOY _9139075 _dಪದ್ಮಾ ಶೆಣೈ |
||
| 245 |
_aNa ninna dhyandoliralu. _bನಾ ನಿನ್ನ ಧ್ಯಾನದೊಳಿರಲು |
||
| 260 |
_aMangaluru _bVidyodaya Prakashana _c1975 |
||
| 300 | _a158 | ||
| 690 |
_aKannada Fiction _9139076 |
||
| 906 | _a032527 | ||
| 942 |
_2ddc _cBK |
||
| 999 |
_c83600 _d83600 |
||